Gaming Quiz

Random Gaming or Letter Quiz

First and Last Letters: Video Games Quiz Stats

Quiz not verified by Sporcle

Challenge
Share
Tweet
Embed
Score 0/32 Timer 10:00
0 Plays Today
Letters Video Game % Correct
Sr Ws: Ks of te Od RcStar Wars: Knights of the Old Republic
76%
Dl My CyDevil May Cry
71.9%
Gd Tt AoGrand Theft Auto
65.5%
Dg DgDig Dug
63.3%
Pe of Pa: Te Ss of TePrince of Persia: The Sands of Time
62.9%
Dy Kg CyDonkey Kong Country
59.8%
Mx PeMax Payne
58.4%
Ps vs ZsPlants vs. Zombies
56.8%
Te Wd Es wh YuThe World Ends with You
49.9%
Wd of GoWorld of Goo
49.5%
Wi SsWii Sports
49.3%
Ml KtMortal Kombat
48.4%
Fe EmFire Emblem
44.7%
Ca: Sy of te NtCastlevania: Symphony of the Night
43%
Sr Sh Bs MeSuper Smash Bros. Melee
41%
Bn: Am AmBatman: Arkham Asylum
37.9%
Letters Video Game % Correct
Vl JeViewtiful Joe
36.3%
Px Wt: Ae AyPhoenix Wright: Ace Attorney
29.2%
St of MaSecret of Mana
28.4%
Gn ToGran Turismo
28.2%
Sw of te CsShadow of the Colossus
27.9%
De De RnDance Dance Revolution
25.7%
Dd RgDead Rising
24.1%
Cu Cu LdClu Clu Land
23.3%
Jt Fe GiJet Force Gemini
22.5%
Tm ad ElToejam and Earl
19.2%
Ky Sr SrKirby Super Star
18.4%
Rr Cy RmRiver City Ransom
17.4%
Ki DyKatamari Damacy
13.2%
Sr My BlSuper Monkey Ball
10.2%
So te DnSpyro the Dragon
9.6%
To Sr BlTecmo Super Bowl
3.3%

You're not logged in!

Compare scores with friends on all Sporcle quizzes.
Sign Up with Email
OR
Log In

You Might Also Like...

Show Comments

Extras

Top Quizzes Today


Score Distribution

Your Account Isn't Verified!

In order to create a playlist on Sporcle, you need to verify the email address you used during registration. Go to your Sporcle Settings to finish the process.